| 000 | 01110nam a2200325 a 4500 | ||
|---|---|---|---|
| 001 | 000115741 | ||
| 003 | CHAP | ||
| 005 | 20220329144546.0 | ||
| 008 | 190701s2019 mx |sm |||||||spa d | ||
| 010 | _a112202 | ||
| 011 | _a113174 | ||
| 040 | _cCHAP | ||
| 090 | _aTesis | ||
| 100 | 1 |
_aCruz Loaeza, Javier. _9136341 |
|
| 245 | 1 | 0 |
_aInnovación del modelo de negocio de la categoria café en taza _h[En línea] _cpor Javier Cruz Loaeza. |
| 260 |
_aChapingo, Méx. : _bEl autor, _c2019. |
||
| 500 | _aPara ver el contenido del material haga clic en la liga | ||
| 502 | _aTesis (M. en Estrategia Agroempresarial) -- UACH. CIESTAAM | ||
| 590 |
_aBATCH-UPD _b05 _c20190701 _lUCH01 _h1024 |
||
| 590 |
_aE5765TAJ _b05 _c20190701 _lUCH01 _h1023 |
||
| 590 |
_aE5765TAJ _b05 _c20190701 _lUCH01 _h1036 |
||
| 650 | 1 | 4 |
_aCafé _xAnálisis costo-beneficio. _9131340 |
| 650 | 1 | 4 |
_aCafé _xConsumo. _917118 |
| 650 | 1 | 4 |
_aCafé _xMercadeo. _917169 |
| 650 | 1 | 4 |
_aCafé _xRedes de valor. _9135366 |
| 856 |
_aFinding aid _uhttp://10.13.5.2/tesis/sist115741.pdf _zTeclea aquí |
||
| 901 | _aBK | ||
| 942 | _cTESIS | ||
| 942 | _n0 | ||
| 999 |
_c112202 _d112202 |
||